| 000 | 01010nam a2200241Ia 4500 | ||
|---|---|---|---|
| 001 | 16032 | ||
| 003 | GE_BSU | ||
| 008 | 181216s||||||||xx |||||||||||||| ||und|| | ||
| 040 | _cGE_BSU | ||
| 080 | _a821.353.1-1 + 908(575) | ||
| 100 | _aჯანგულაშვილი, თეიმურაზ | ||
| 245 | _aმიწისძვრა, სიმაღლეები, ჯეონი | ||
| 245 | _bლექსები.შუააზიური ჩანაწერები | ||
| 245 | _cრედ.დ.ივარდავა მხ.გ.წერეთელი | ||
| 260 | _aთბილისი | ||
| 260 | _bსაბჭ. საქართველო | ||
| 260 | _c1969 | ||
| 300 | _a173გვ. ; 16სმ | ||
| 653 | _aლექსები.შუააზიური ჩანაწერები | ||
| 653 | _aმიწისძვრა, სიმაღლეები, ჯეონი | ||
| 653 | _aმოგზაურობა შუა აზიაში | ||
| 942 | _cBK | ||
| 999 |
_c49122 _d49122 |
||